World class manager : Olympic quality performance in the new global economy

Saved in:
Bibliographic Details
Main Author: Plenert, Gerhard
Format: Book
Language:Undetermined
Published: Rocklin, CA Prima Pub. 1995
Subjects:
Tags: Add Tag
No Tags, Be the first to tag this record!
Institutions: Trung tâm Học liệu Trường Đại học Cần Thơ
LEADER 00615nam a2200193Ia 4500
001 CTU_88566
008 210402s9999 xx 000 0 und d
082 |a 658.4 
082 |b P725 
100 |a Plenert, Gerhard 
245 0 |a World class manager : 
245 0 |b Olympic quality performance in the new global economy 
245 0 |c Gerhard Plenert. 
260 |a Rocklin, CA 
260 |b Prima Pub. 
260 |c 1995 
650 |a Strategic planning.,Organizational change.,Industrial management.,Competition, international. 
904 |i Năm,Hải 
980 |a Trung tâm Học liệu Trường Đại học Cần Thơ